000 00758nam a2200229 a 4500
999 _c10618
_d10618
001 10618
003 BD-JhCC
005 20180729114330.0
008 180729s20172000bg |||| |||| 000 0 ben d
020 _a9844101856
035 _a(BD-JhCC)10618
040 _aBD-JhCC
_dBD-JhCC
041 _aben
082 _a891.4415
_bHAI 2017
100 _aহায়াদর, দাউদ
245 _aদাউদ হায়দারের শ্রেষ্ঠ কবিতা /
_cদাউদ হায়দার
260 _aঢাকা :
_bমাওলা ব্রাদার্স,
_c২০১৭.
300 _a১৪৩ পৃ. :
_c২০ সেমি.
650 _aবাংলা কবিতা
650 _aBengali Poem
942 _2ddc
_cBK